Sports Quiz

Random Sports or Hockey Quiz

2012 Calder Cup Champions Quiz Stats

 Plays Quiz not verified by Sporcle

Score 0/22 Timer 08:00
0 Plays Today
# Player % Correct
89Cory Conacher
93.7%
25Tyler Johnson
91.1%
34Dustin Tokarski
89.9%
3Radko Gudas
87.3%
8Mark Barberio
86.1%
30Jaroslav Janus
86.1%
14Richard Panik
82.3%
10Mike Angelidis
81%
22Scott Jackson
79.7%
5Keith Aulie
78.5%
12Ondrej Palat
78.5%
# Player % Correct
20Pierre-Cedric Labrie
78.5%
23Trevor Smith
77.2%
88Philip-Michael Devos
74.7%
19Alex Killorn
72.2%
21Mike Kostka
72.2%
24Jean-Philippe Cote
70.9%
9Alexandre Picard
69.6%
27Evan Oberg
69.6%
28Michel Ouellet
67.1%
26Brandon Segal
63.3%
6Jeff Dimmen
62%

You're not logged in!

Compare scores with friends on all Sporcle quizzes.
OR
Log In

You Might Also Like...

Show Comments

Extras

Top Quizzes Today


Score Distribution

Your Account Isn't Verified!

In order to create a playlist on Sporcle, you need to verify the email address you used during registration. Go to your Sporcle Settings to finish the process.

Report this User

Report this user for behavior that violates our Community Guidelines.

Details: